[Event "Palle Skov Memorial - WIM 2025"]
[Site "Hillerod"]
[Date "2025.02.08"]
[Round "1.1"]
[White "Badenhorst, Chloe"]
[Black "Sharma Isha"]
[Result "0-1"]
[WhiteElo "2004"]
[BlackElo "2170"]
[WhiteFideId "14339463"]
[BlackFideId "35006665"]
[EventDate "2025.02.08"]
[EventType "tourn"]
[EventRounds "9"]
[EventCountry "DEN"]
[SourceTitle "Live v. Kasper Jerwiarz"]

1. e4 e5 2. Nf3 Nc6 3. Bb5 a6 4. Ba4 Nf6 5. d3 b5 6. Bb3 Bc5 7. O-O d6 8. c3 O-O 9. Nbd2 Bb6 10. Re1 Ne7 11. Nf1 Ng6 12. Ng3 h6 13. h3 Re8 14. d4 Bb7 15. Bc2 Qb8 16. a4 c5 17. d5 Bc8 18. Be3 Bd7 19. Qd2 Kh7 20. axb5 axb5 21. b3 Ra7 22. Bd3 Qb7 23. Nf5 Bxf5 24. exf5 Ne7 25. Bxb5 Rea8 26. Rxa7 Rxa7 27. Qb2 Nexd5 28. c4 Ba5 29. Bd2 Nf4 30. Bxf4 Bxe1 31. Nxe1 exf4 32. Nf3 Qe4 33. Qd2 Ra1+ 34. Kh2 Qxf5 35. Qxd6 Ne4 36. Qd5 Qg6 37. Qe5 Rf1 38. Qxf4 Nxf2 39. g4 Nd3 40. Ng5+ hxg5 41. Qxf1 Nf4 42. Ba4 Qc2+ 43. Kh1 Qe4+ 44. Kh2 Qe3 45. Bc6 Qxb3 46. Bf3 Kh6 47. Be4 Qb2+ 48. Kh1 Qc3 49. Bf3 Qd2 50. Kg1 Qd4+ 51. Kh2 Nd3 52. Bd5 f6 53. Qf3 Qb2+ 54. Qg2 Qe5+ 55. Kg1 Nf4 56. Qf3 Qe1+ 57. Kh2 Qd2+ 58. Kh1 Nxd5 59. cxd5 c4 60. d6 Qxd6 61. Qa8 Qd1+ 62. Kg2 Qe2+ 63. Kg1 Kh7 64. Qc8 Qe4 65. Kf2 Qd4+ 66. Kg2 Qd2+ 67. Kg3 Qe3+ 68. Kg2 Qe2+ 69. Kg3 Qe5+ 70. Kg2 c3 71. Qc4 Qe3 72. Qc8 Qe4+ 73. Kg3 c2 74. h4 Qf4+ 75. Kh3 c1=Q 0-1

[Event "Palle Skov Memorial - WIM 2025"]
[Site "Hillerod"]
[Date "2025.02.08"]
[Round "1.2"]
[White "van den Brink, Nienke"]
[Black "Karacsonyi, Kata"]
[Result "0-1"]
[WhiteElo "1967"]
[BlackElo "2191"]
[WhiteFideId "1452568"]
[BlackFideId "769584"]
[EventDate "2025.02.08"]
[EventType "tourn"]
[EventRounds "9"]
[EventCountry "DEN"]
[SourceTitle "Live v. Kasper Jerwiarz"]

1. e4 c5 2. Nf3 Nc6 3. d4 cxd4 4. Nxd4 Nf6 5. Nc3 e5 6. Ndb5 d6 7. Nd5 Nxd5 8. exd5 Ne7 9. c4 Ng6 10. Bd3 Be7 11. O-O f5 12. Bd2 O-O 13. Qc2 a6 14. Nc3 e4 15. Be2 Ne5 16. b3 f4 17. f3 e3 18. Bc1 Rf6 19. Ne4 Rg6 20. Kh1 Bf8 21. g3 Rh6 22. Rg1 fxg3 23. Rxg3 Qh4 24. Bd1 Bf5 25. Qg2 Qf4 26. Be2 Re8 27. Ba3 Ng4 28. h3 Nf2+ 29. Nxf2 exf2 30. Bf1 Qd4 31. Rc1 Re1 32. Kh2 Qd2 33. Rg5 Rxh3+ 0-1

[Event "Palle Skov Memorial - WIM 2025"]
[Site "Hillerod"]
[Date "2025.02.08"]
[Round "1.3"]
[White "Dalsberg, Sandra de Blecourt"]
[Black "Doluhanova, Evgeniya"]
[Result "0-1"]
[WhiteElo "2068"]
[BlackElo "2272"]
[WhiteFideId "1004948"]
[BlackFideId "14112035"]
[EventDate "2025.02.08"]
[EventType "tourn"]
[EventRounds "9"]
[EventCountry "DEN"]
[SourceTitle "Live v. Kasper Jerwiarz"]

1. d4 Nf6 2. c4 e6 3. Nc3 Bb4 4. Nf3 b6 5. e3 Bb7 6. Bd3 O-O 7. O-O d5 8. cxd5 exd5 9. a3 Bd6 10. b4 Nbd7 11. Qb3 c6 12. e4 dxe4 13. Nxe4 Nxe4 14. Bxe4 Nf6 15. Bc2 h6 16. Ne5 Nd5 17. Qh3 Bxe5 18. dxe5 Qe7 19. Qg3 Qe6 20. Bb2 Ba6 21. Rfe1 Rfd8 22. Re4 Ne7 23. Rg4 g6 24. Rf4 Nd5 25. Bxg6 Nxf4 26. Bf5+ Qg6 27. Qxf4 Qg5 28. Qf3 Be2 29. Qxe2 Qxf5 30. a4 Kh7 31. h4 Rg8 32. Ra3 Qg4 33. f3 Qg6 34. h5 Qxh5 35. e6 Rae8 36. e7 Qg6 37. Re3 Qb1+ 38. Kh2 Rg5 39. g4 Qg6 40. Rd3 Rd5 41. Rxd5 cxd5 42. Qe5 f6 43. Qxf6 Qxf6 44. Bxf6 Kg6 45. Bh4 Kf7 46. a5 Rc8 47. axb6 axb6 48. Bf2 Rc6 49. b5 Re6 50. Kg3 Kxe7 51. Kf4 Kf7 52. Kf5 Rf6+ 53. Ke5 Rxf3 54. Bxb6 Rb3 55. Kxd5 Rxb5+ 56. Bc5 Kg6 57. Kc4 Rxc5+ 58. Kxc5 Kg5 59. Kd4 Kxg4 60. Ke3 Kg3 61. Ke2 Kg2 0-1

[Event "Palle Skov Memorial - WIM 2025"]
[Site "Hillerod"]
[Date "2025.02.08"]
[Round "1.4"]
[White "Verbin, Valentina"]
[Black "Guindy, Esmat Susanne"]
[Result "1/2-1/2"]
[WhiteElo "2098"]
[BlackElo "2057"]
[WhiteFideId "13905910"]
[BlackFideId "1401637"]
[EventDate "2025.02.08"]
[EventType "tourn"]
[EventRounds "9"]
[EventCountry "DEN"]
[SourceTitle "Live v. Kasper Jerwiarz"]

1. d4 d5 2. c4 e6 3. Nf3 Nf6 4. Nc3 Be7 5. Bf4 O-O 6. e3 c5 7. dxc5 dxc4 8. Bxc4 Bxc5 9. Qc2 b6 10. Rd1 Qe8 11. a3 Ba6 12. Bxa6 Nxa6 13. Qe2 Qc8 14. O-O Qb7 15. Bg5 Be7 16. e4 h6 17. Bh4 Rfe8 18. e5 Nh7 19. Bxe7 Rxe7 20. Nb5 Nc7 21. Nd6 Qa6 22. Qe4 Nd5 23. Qh4 Rd7 24. Qg4 Nf8 25. Nd4 Qa4 26. Qg3 Rad8 27. Rfe1 Ng6 28. Nxe6 fxe6 29. Qxg6 Re7 30. Ne4 Rf8 31. Qg3 Ref7 32. Rd2 Rf4 33. Nc3 Nxc3 34. Qxc3 Re4 35. Rxe4 Qxe4 36. Rd1 Qe2 37. Rf1 Rd8 38. g3 Kh7 39. Re1 Qd2 40. Qxd2 Rxd2 41. b4 Kg6 42. Re3 a5 43. bxa5 bxa5 44. Kg2 Kf5 45. Kf3 h5 46. h3 Rd4 47. Ke2 h4 48. Kf3 Rc4 49. g4+ Kg5 50. Rd3 Rf4+ 51. Ke3 Rc4 52. Rd6 Ra4 53. Rd3 Rc4 54. Rd6 Rc3+ 55. Rd3 Rc4 56. Rd6 1/2-1/2

[Event "Palle Skov Memorial - WIM 2025"]
[Site "Hillerod"]
[Date "2025.02.08"]
[Round "1.5"]
[White "Rakhmangulova, Anastasiya"]
[Black "Jakobsen, Shanne Hedegaard"]
[Result "1-0"]
[WhiteElo "2324"]
[BlackElo "2016"]
[WhiteFideId "14117479"]
[BlackFideId "1462296"]
[EventDate "2025.02.08"]
[EventType "tourn"]
[EventRounds "9"]
[EventCountry "DEN"]
[SourceTitle "Live v. Kasper Jerwiarz"]

1. Nf3 d5 2. b3 Bf5 3. Bb2 e6 4. e3 Nf6 5. Be2 Bd6 6. O-O h6 7. c4 c6 8. d4 O-O 9. Nbd2 Nbd7 10. Ne5 c5 11. Nxd7 Nxd7 12. cxd5 exd5 13. dxc5 Nxc5 14. Nf3 Rc8 15. Rc1 Be4 16. Qd2 Qe7 17. Rfd1 Ne6 18. Rxc8 Rxc8 19. Rc1 Rc6 20. g3 Ng5 21. Nxg5 Qxg5 22. Rxc6 bxc6 23. Qa5 Qe7 24. Qc3 f6 25. Qxc6 d4 26. Qc4+ Kh8 27. Qc8+ Kh7 28. Bxd4 Bb7 29. Qf5+ Kg8 30. Bc4+ Kf8 31. Qh7 Ke8 32. Qg8+ Kd7 33. Bb5+ Kc7 34. Bxa7 1-0

[Event "Palle Skov Memorial - WIM 2025"]
[Site "Hillerod"]
[Date "2025.02.09"]
[Round "2.1"]
[White "Badenhorst, Chloe"]
[Black "van den Brink, Nienke"]
[Result "1/2-1/2"]
[WhiteElo "2004"]
[BlackElo "1967"]
[WhiteFideId "14339463"]
[BlackFideId "1452568"]
[EventDate "2025.02.08"]
[EventType "tourn"]
[EventRounds "9"]
[EventCountry "DEN"]
[SourceTitle "Live v. Kasper Jerwiarz"]

1. d4 f5 2. Bf4 Nf6 3. e3 e6 4. Nf3 b6 5. Bd3 Bb7 6. Nbd2 Be7 7. h3 O-O 8. c3 Nc6 9. Rg1 Nd5 10. Bh2 Bd6 11. Ne5 Nxe5 12. dxe5 Bc5 13. Qe2 a5 14. Nb3 Qe7 15. a3 a4 16. Nd4 Qh4 17. Nf3 Qh5 18. Qd2 Qf7 19. c4 Ne7 20. Be2 Ng6 21. Bf4 h6 22. Nd4 d6 23. Bh5 Rad8 24. g4 Bxd4 25. exd4 Bf3 26. Bh2 Kh8 27. exd6 cxd6 28. Qd3 Be4 29. Qe3 Qf6 30. g5 hxg5 31. Qxg5 Qxg5 32. Rxg5 Nh4 33. Ke2 f4 34. f3 Bb7 35. Bg4 Nf5 36. Bxf5 Rxf5 37. Rxf5 exf5 38. Bxf4 Ba6 39. Rc1 d5 1/2-1/2

[Event "Palle Skov Memorial - WIM 2025"]
[Site "Hillerod"]
[Date "2025.02.09"]
[Round "2.2"]
[White "Karacsonyi, Kata"]
[Black "Dalsberg, Sandra de Blecourt"]
[Result "1-0"]
[WhiteElo "2191"]
[BlackElo "2068"]
[WhiteFideId "769584"]
[BlackFideId "1004948"]
[EventDate "2025.02.08"]
[EventType "tourn"]
[EventRounds "9"]
[EventCountry "DEN"]
[SourceTitle "Live v. Kasper Jerwiarz"]

1. e4 c5 2. Nf3 Nc6 3. Bb5 g6 4. O-O Bg7 5. c3 Nf6 6. Re1 O-O 7. h3 e5 8. Bxc6 dxc6 9. Nxe5 Re8 10. f4 Nh5 11. d4 Qh4 12. Rf1 cxd4 13. cxd4 c5 14. d5 Bxe5 15. fxe5 Rxe5 16. Qf3 f5 17. Nc3 Bd7 18. Be3 Qe7 19. g4 fxg4 20. hxg4 Ng7 21. d6 Qxd6 22. Qf7+ Kh8 23. Rad1 Rd5 24. Bf4 1-0

[Event "Palle Skov Memorial - WIM 2025"]
[Site "Hillerod"]
[Date "2025.02.09"]
[Round "2.3"]
[White "Doluhanova, Evgeniya"]
[Black "Verbin, Valentina"]
[Result "1-0"]
[WhiteElo "2272"]
[BlackElo "2098"]
[WhiteFideId "14112035"]
[BlackFideId "13905910"]
[EventDate "2025.02.08"]
[EventType "tourn"]
[EventRounds "9"]
[EventCountry "DEN"]
[SourceTitle "Live v. Kasper Jerwiarz"]

1. d4 Nf6 2. Bf4 e6 3. c3 b6 4. Nd2 Bb7 5. Ngf3 Nh5 6. Be3 f5 7. g3 Be7 8. Bg2 g5 9. d5 Bxd5 10. Bd4 Nf6 11. e4 fxe4 12. Nxg5 O-O 13. Ndxe4 Nc6 14. Be3 Qe8 15. Nxf6+ Bxf6 16. Bxd5 Bxg5 17. Qg4 exd5 18. Qxg5+ Kh8 19. O-O-O d4 20. Rxd4 Qf7 21. Rf4 Qxa2 22. Bd4+ Nxd4 23. Qe5+ Kg8 24. Rg4+ Kf7 25. Rg7# 1-0

[Event "Palle Skov Memorial - WIM 2025"]
[Site "Hillerod"]
[Date "2025.02.09"]
[Round "2.4"]
[White "Guindy, Esmat Susanne"]
[Black "Rakhmangulova, Anastasiya"]
[Result "0-1"]
[WhiteElo "2057"]
[BlackElo "2324"]
[WhiteFideId "1401637"]
[BlackFideId "14117479"]
[EventDate "2025.02.08"]
[EventType "tourn"]
[EventRounds "9"]
[EventCountry "DEN"]
[SourceTitle "Live v. Kasper Jerwiarz"]

1. d4 d6 2. Nf3 Nd7 3. e4 e5 4. Nc3 Ngf6 5. Bc4 Be7 6. O-O O-O 7. h3 c6 8. a4 Qc7 9. Qe2 a5 10. Be3 exd4 11. Nxd4 Re8 12. Nf5 Bf8 13. Ng3 d5 14. exd5 Bc5 15. d6 Qxd6 16. Bxc5 Nxc5 17. Rad1 Qc7 18. Qf3 Be6 19. Bxe6 Rxe6 20. Rfe1 Rae8 21. Rxe6 Rxe6 22. Nf5 g6 23. Nh6+ Kg7 24. Ng4 Nfd7 25. Ne2 h5 26. Qc3+ Kh7 27. Ne3 Nxa4 28. Qd4 Nac5 29. Nc3 b5 30. b4 axb4 31. Qxb4 Qe5 32. Qa5 Rf6 33. Rd2 Kg7 34. Re2 Qd4 35. Ncd1 Ne4 36. f3 Nd6 37. Rd2 Qc5 38. Qc3 Qxc3 39. Nxc3 Nc5 40. Kf2 Nce4+ 0-1

[Event "Palle Skov Memorial - WIM 2025"]
[Site "Hillerod"]
[Date "2025.02.09"]
[Round "2.5"]
[White "Sharma Isha"]
[Black "Jakobsen, Shanne Hedegaard"]
[Result "1/2-1/2"]
[WhiteElo "2170"]
[BlackElo "2016"]
[WhiteFideId "35006665"]
[BlackFideId "1462296"]
[EventDate "2025.02.08"]
[EventType "tourn"]
[EventRounds "9"]
[EventCountry "DEN"]
[SourceTitle "Live v. Kasper Jerwiarz"]

1. e4 c5 2. Nf3 g6 3. d4 cxd4 4. Nxd4 Bg7 5. c4 Nc6 6. Be3 Qb6 7. Nb5 Qa5+ 8. N1c3 a6 9. Nd4 Nxd4 10. Bxd4 Nf6 11. Bd3 d6 12. O-O Be6 13. Rb1 O-O 14. b4 Qc7 15. Rc1 Rac8 16. Na4 Qd8 17. Re1 Nd7 18. Bf1 Bxd4 19. Qxd4 Rc6 20. f4 f6 21. b5 axb5 22. cxb5 Rxc1 23. Rxc1 Qa5 24. Bc4 Bxc4 25. Qxc4+ Kg7 26. Nc3 Qa7+ 27. Kf1 Ra8 28. Qe6 Qe3 29. Ne2 Nc5 30. Qxe7+ Kh6 31. Qxf6 Rxa2 32. Qh4+ Kg7 33. Qe7+ Kh6 34. Qf8+ Kh5 35. Ng3+ Kg4 36. Qc8+ Kxf4 37. Qf8+ Kg4 38. Qc8+ Kf4 39. Qf8+ Kg4 40. Qc8+ Kf4 41. Qf8+ Ke5 1/2-1/2

[Event "Palle Skov Memorial - WIM 2025"]
[Site "Hillerod"]
[Date "2025.02.10"]
[Round "3.1"]
[White "Dalsberg, Sandra de Blecourt"]
[Black "Badenhorst, Chloe"]
[Result "0-1"]
[WhiteElo "2068"]
[BlackElo "2004"]
[WhiteFideId "1004948"]
[BlackFideId "14339463"]
[EventDate "2025.02.08"]
[EventType "tourn"]
[EventRounds "9"]
[EventCountry "DEN"]
[SourceTitle "Live v. Kasper Jerwiarz"]

1. d4 d5 2. c4 dxc4 3. e4 Nc6 4. Nf3 Bg4 5. Bxc4 e6 6. Be3 Bxf3 7. gxf3 Qf6 8. e5 Qh4 9. Bb5 Bb4+ 10. Nc3 Nge7 11. Qb3 O-O-O 12. O-O-O Nxd4 13. Qc4 Bxc3 14. bxc3 Ndf5 15. Qc5 b6 16. Qa3 Kb8 17. Rdg1 Nxe3 18. fxe3 c6 19. Ba6 Rd7 20. Rxg7 Nf5 21. Rg4 Qf2 22. Rhg1 Qxe3+ 23. Kb1 Rhd8 24. Rg8 Qxe5 25. Qa4 Kc7 26. Bc4 Qa5 27. Qb3 Qc5 28. R8g5 h6 29. Rg8 Nd6 30. Bd3 Nb5 0-1

[Event "Palle Skov Memorial - WIM 2025"]
[Site "Hillerod"]
[Date "2025.02.10"]
[Round "3.2"]
[White "van den Brink, Nienke"]
[Black "Sharma Isha"]
[Result "0-1"]
[WhiteElo "1967"]
[BlackElo "2170"]
[WhiteFideId "1452568"]
[BlackFideId "35006665"]
[EventDate "2025.02.08"]
[EventType "tourn"]
[EventRounds "9"]
[EventCountry "DEN"]
[SourceTitle "Live v. Kasper Jerwiarz"]

1. e4 e5 2. Nf3 Nc6 3. d4 exd4 4. Nxd4 Nf6 5. Nxc6 bxc6 6. e5 Qe7 7. Qe2 Nd5 8. c4 Ba6 9. b3 g6 10. Ba3 Nb4 11. Bb2 Bg7 12. a3 Nd5 13. Qe4 Nf6 14. Qe2 Nh5 15. g3 O-O 16. f4 Rfe8 17. Nd2 f6 18. O-O-O fxe5 19. fxe5 Bxe5 20. Qxe5 Qxe5 21. Bxe5 Rxe5 22. Bh3 Nf6 23. Rhf1 Kg7 24. Nf3 Re7 25. Rfe1 Rae8 26. Bxd7 Rxe1 27. Nxe1 Re3 28. Kc2 c5 29. Bc6 Bc8 30. Nf3 Bf5+ 31. Kb2 Re6 32. Bb7 Rb6 33. Bd5 Rd6 34. Nh4 Bg4 35. Rd2 c6 36. h3 Bd7 0-1

[Event "Palle Skov Memorial - WIM 2025"]
[Site "Hillerod"]
[Date "2025.02.10"]
[Round "3.3"]
[White "Verbin, Valentina"]
[Black "Karacsonyi, Kata"]
[Result "1/2-1/2"]
[WhiteElo "2098"]
[BlackElo "2191"]
[WhiteFideId "13905910"]
[BlackFideId "769584"]
[EventDate "2025.02.08"]
[EventType "tourn"]
[EventRounds "9"]
[EventCountry "DEN"]
[SourceTitle "Live v. Kasper Jerwiarz"]

1. d4 Nf6 2. c4 e6 3. Nf3 d5 4. g3 Be7 5. Bg2 O-O 6. O-O c6 7. Nc3 a5 8. b3 b6 9. Nd2 Ba6 10. Re1 b5 11. c5 b4 12. Na4 Nbd7 13. Qc2 Bb5 14. Nb2 e5 15. dxe5 Ng4 16. Nf3 Bxc5 17. e3 Qe7 18. Nd4 Ndxe5 19. Nxb5 cxb5 20. Bxd5 Rac8 21. Qe2 Rfd8 22. Bg2 f5 23. h3 Nf6 24. Qxb5 Ne4 25. Qf1 Ba7 26. f4 Nf7 27. Kh2 Qf6 28. Rd1 Rxd1 29. Qxd1 Qc3 30. Rb1 Qc2 31. Qxc2 Rxc2 32. Nc4 Nc3 33. Ra1 a4 34. Bb2 a3 35. Bxc3 Rxc3 36. Rd1 Rc2 37. Rd7 Bc5 38. Kg1 Rc1+ 39. Kf2 Rc2+ 40. Rd2 Rc3 41. Ke2 Kf8 42. g4 g6 43. Bf3 Nd6 44. Rd3 Nxc4 1/2-1/2

[Event "Palle Skov Memorial - WIM 2025"]
[Site "Hillerod"]
[Date "2025.02.10"]
[Round "3.5"]
[White "Jakobsen, Shanne Hedegaard"]
[Black "Guindy, Esmat Susanne"]
[Result "0-1"]
[WhiteElo "2016"]
[BlackElo "2057"]
[WhiteFideId "1462296"]
[BlackFideId "1401637"]
[EventDate "2025.02.08"]
[EventType "tourn"]
[EventRounds "9"]
[EventCountry "DEN"]
[SourceTitle "Live v. Kasper Jerwiarz"]

1. d4 d5 2. c4 e6 3. Nc3 Be7 4. Nf3 Nf6 5. Bf4 c5 6. dxc5 Bxc5 7. e3 Nc6 8. a3 O-O 9. Qc2 Qa5 10. Nd2 Bb4 11. axb4 Qxa1+ 12. Ncb1 e5 13. Nb3 Qa4 14. Nc3 Qxb4 15. cxd5 exf4 16. dxc6 fxe3 17. fxe3 Ng4 18. Kd2 Re8 19. Nc1 Nxe3 20. Qb1 Qf4 21. Bd3 Be6 22. N1e2 Nc4+ 23. Ke1 Qd2+ 24. Kf2 Qe3+ 25. Ke1 bxc6 26. Rf1 Nd2 27. Bxh7+ Kh8 28. Qc2 Nxf1 29. Kxf1 Bc4 30. Ne4 Qxe2+ 0-1

[Event "Palle Skov Memorial - WIM 2025"]
[Site "Hillerod"]
[Date "2025.02.10"]
[Round "4.1"]
[White "Badenhorst, Chloe"]
[Black "Verbin, Valentina"]
[Result "0-1"]
[WhiteElo "2004"]
[BlackElo "2098"]
[WhiteFideId "14339463"]
[BlackFideId "13905910"]
[EventDate "2025.02.08"]
[EventType "tourn"]
[EventRounds "9"]
[EventCountry "DEN"]
[SourceTitle "Live v. Kasper Jerwiarz"]

1. e4 c5 2. Nf3 d6 3. d4 cxd4 4. Nxd4 Nf6 5. Nc3 a6 6. Bc4 e6 7. O-O Be7 8. a4 O-O 9. Be3 Bd7 10. a5 Nc6 11. Nxc6 Bxc6 12. Bb6 Qc8 13. Bd3 Nd7 14. Be3 Bf6 15. Bd2 b5 16. axb6 Qb7 17. Qe2 Qxb6 18. Kh1 a5 19. f4 a4 20. Rab1 Rab8 21. Qg4 Qc5 22. Qh3 g6 23. Ra1 a3 24. Nd1 axb2 25. Rb1 Bb5 26. Bxb5 Rxb5 27. Nc3 Rb7 28. e5 dxe5 29. Ne4 Qe7 30. fxe5 Bxe5 31. Bg5 f6 32. Bh6 Re8 33. Rfd1 Qb4 34. Qf3 f5 35. Ng5 Rc7 36. Qh3 Qe7 37. Nf3 Bg7 38. Bg5 Qf7 39. Bf4 Rc3 40. Ng5 Rxh3 41. Nxf7 Ra3 42. Nh6+ Bxh6 43. Bxh6 Ne5 44. h3 Nc4 45. Kh2 Rea8 46. Rd7 R3a7 0-1

[Event "Palle Skov Memorial - WIM 2025"]
[Site "Hillerod"]
[Date "2025.02.10"]
[Round "4.2"]
[White "van den Brink, Nienke"]
[Black "Dalsberg, Sandra de Blecourt"]
[Result "1/2-1/2"]
[WhiteElo "1967"]
[BlackElo "2068"]
[WhiteFideId "1452568"]
[BlackFideId "1004948"]
[EventDate "2025.02.08"]
[EventType "tourn"]
[EventRounds "9"]
[EventCountry "DEN"]
[SourceTitle "Live v. Kasper Jerwiarz"]

1. e4 c5 2. Nf3 Nc6 3. d4 cxd4 4. Nxd4 Nf6 5. Nc3 e5 6. Ndb5 d6 7. Nd5 Nxd5 8. exd5 Nb8 9. c4 Be7 10. Be2 O-O 11. O-O a6 12. Nc3 f5 13. f4 Nd7 14. Kh1 Bf6 15. Qc2 g6 16. Be3 exf4 17. Bxf4 Ne5 18. Rae1 Bd7 19. c5 g5 20. Be3 f4 21. Bg1 Bg7 22. Qb3 dxc5 23. Bxc5 Rf6 24. d6+ Kh8 25. Nd5 Rh6 26. Nb6 Be6 27. Qd1 Rb8 28. Nd5 b6 29. Bb4 a5 30. Ba3 b5 31. b3 b4 32. Bb2 Bxd5 33. Qxd5 Rxd6 34. Qe4 Ng6 35. Bxg7+ Kxg7 36. Rd1 Rbb6 37. Rfe1 Qf6 38. Bc4 Rxd1 39. Rxd1 Ne5 40. Be2 Rd6 41. Rc1 Rc6 42. Rd1 Rc3 43. Bc4 Re3 44. Qb7+ Nf7 45. h3 Re7 46. Qd5 h5 47. Qxa5 Qc3 48. Bxf7 Re1+ 49. Rxe1 Qxe1+ 50. Kh2 Qg3+ 51. Kg1 1/2-1/2

[Event "Palle Skov Memorial - WIM 2025"]
[Site "Hillerod"]
[Date "2025.02.10"]
[Round "4.3"]
[White "Karacsonyi, Kata"]
[Black "Rakhmangulova, Anastasiya"]
[Result "0-1"]
[WhiteElo "2191"]
[BlackElo "2324"]
[WhiteFideId "769584"]
[BlackFideId "14117479"]
[EventDate "2025.02.08"]
[EventType "tourn"]
[EventRounds "9"]
[EventCountry "DEN"]
[SourceTitle "Live v. Kasper Jerwiarz"]

1. e4 d6 2. d4 Nf6 3. Nc3 e5 4. Nf3 Nbd7 5. Bc4 Be7 6. O-O O-O 7. a4 c6 8. h3 h6 9. Ba2 Re8 10. Re1 a5 11. Qd3 exd4 12. Nxd4 Ne5 13. Qd1 Ng6 14. f4 Bf8 15. Qd3 d5 16. Bd2 Qb6 17. Kh2 Bc5 18. exd5 Rxe1 19. Rxe1 Bxd4 20. dxc6 Nf8 21. Nb5 Bc5 22. f5 bxc6 23. Nd6 Ba6 24. Bxf7+ Kh8 25. Qg3 Bf2 26. Qe5 N8d7 27. Qe7 Bxe1 28. Bxe1 Qd8 29. Qe3 Qf8 30. Bg3 Nd5 31. Qe6 N7f6 32. Bg6 Ra7 33. Nf7+ Rxf7 34. Bxf7 Bc8 35. Qxc6 Bd7 36. Qa6 Qxf7 37. Qxa5 Bxf5 38. Qd8+ Kh7 39. a5 Be4 40. a6 Qh5 0-1

[Event "Palle Skov Memorial - WIM 2025"]
[Site "Hillerod"]
[Date "2025.02.10"]
[Round "4.4"]
[White "Doluhanova, Evgeniya"]
[Black "Jakobsen, Shanne Hedegaard"]
[Result "1-0"]
[WhiteElo "2272"]
[BlackElo "2016"]
[WhiteFideId "14112035"]
[BlackFideId "1462296"]
[EventDate "2025.02.08"]
[EventType "tourn"]
[EventRounds "9"]
[EventCountry "DEN"]
[SourceTitle "Live v. Kasper Jerwiarz"]

1. Nf3 d5 2. e3 Nf6 3. c4 c6 4. b3 Bf5 5. Bb2 e6 6. cxd5 exd5 7. Nh4 Bg4 8. Bxf6 Qxf6 9. Qxg4 Qxa1 10. Qc8+ Ke7 11. Bd3 g6 12. Qxb7+ Kf6 13. O-O Qxa2 14. Qxa8 Bb4 15. Nf3 Qxb3 16. Qb7 a5 17. Nc3 Qa3 18. h4 h6 19. Rb1 Bxc3 20. dxc3 Qxc3 21. Qc7 Nd7 22. Qxd7 Qxd3 23. Rb7 Rf8 24. Qxc6+ Kg7 25. Qa4 Qe2 26. Qxa5 Qd1+ 27. Qe1 1-0

[Event "Palle Skov Memorial - WIM 2025"]
[Site "Hillerod"]
[Date "2025.02.10"]
[Round "4.5"]
[White "Sharma Isha"]
[Black "Guindy, Esmat Susanne"]
[Result "0-1"]
[WhiteElo "2170"]
[BlackElo "2057"]
[WhiteFideId "35006665"]
[BlackFideId "1401637"]
[EventDate "2025.02.08"]
[EventType "tourn"]
[EventRounds "9"]
[EventCountry "DEN"]
[SourceTitle "Live v. Kasper Jerwiarz"]

1. e4 e6 2. d4 d5 3. Nc3 Nf6 4. e5 Nfd7 5. f4 c5 6. Nf3 Nc6 7. Be3 cxd4 8. Nxd4 Bc5 9. Qd2 a6 10. a3 Nxd4 11. Bxd4 b5 12. b4 Bxd4 13. Qxd4 Qb6 14. O-O-O Bb7 15. h4 Qxd4 16. Rxd4 h5 17. Rh3 g6 18. a4 bxa4 19. Nxa4 Bc6 20. Nc3 Ke7 21. Be2 Rhb8 22. Kd2 Rb6 23. Rh1 Bb5 24. Ra1 Bxe2 25. Nxe2 Nb8 26. c3 Nc6 27. Rd3 Kd7 28. Ke3 Kc7 29. Rd2 Na7 30. c4 dxc4 31. Rad1 Rxb4 32. Rd7+ Kb6 33. R1d6+ Ka5 34. Nd4 Nb5 35. Nc6+ Ka4 36. Nxb4 Nxd6 37. exd6 Kxb4 38. Kd4 Rb8 39. Rxf7 Rb5 40. Ke4 Rd5 41. Rb7+ Kc3 42. d7 Kd2 43. Rb4 Kc3 44. Rb7 a5 45. Ra7 Kc2 46. Rxa5 Rxd7 47. Ra6 c3 48. Rxe6 Kd1 49. Rxg6 Rc7 50. g4 c2 51. gxh5 Re7+ 52. Kd4 0-1

[Event "Palle Skov Memorial - WIM 2025"]
[Site "Hillerod"]
[Date "2025.02.11"]
[Round "5.1"]
[White "Rakhmangulova, Anastasiya"]
[Black "Badenhorst, Chloe"]
[Result "1-0"]
[WhiteElo "2324"]
[BlackElo "2004"]
[WhiteFideId "14117479"]
[BlackFideId "14339463"]
[EventDate "2025.02.08"]
[EventType "tourn"]
[EventRounds "9"]
[EventCountry "DEN"]
[SourceTitle "Live v. Kasper Jerwiarz"]

1. e4 c6 2. d4 d5 3. e5 Bf5 4. h4 h5 5. Bd3 Bxd3 6. Qxd3 e6 7. Bg5 Be7 8. Nf3 Nh6 9. a4 Nf5 10. Bxe7 Qxe7 11. a5 O-O 12. Qa3 Na6 13. Qxe7 Nxe7 14. c3 c5 15. Na3 cxd4 16. cxd4 Nb4 17. Kd2 a6 18. Rhc1 Rac8 19. Rc3 Nf5 20. Rb3 Nc6 21. Nc2 Rc7 22. Ra4 Rfc8 23. Rc3 Na7 24. Rxc7 Rxc7 25. Na1 Nb5 26. Nb3 Kf8 27. Kd3 Ke7 28. g3 Nh6 29. Nfd2 f6 30. Ra1 Ng4 31. f3 Nh6 32. Re1 Nf5 33. g4 hxg4 34. fxg4 Nxh4 35. Nc5 f5 36. b4 fxg4 37. Rg1 Nf5 38. Rxg4 Na7 39. Nf3 Nc6 40. Kc3 Nd8 41. b5 axb5 42. Kb4 Kf8 43. Kxb5 Ne3 44. Rg1 Nc4 45. Ng5 Re7 46. Ra1 Kg8 47. a6 bxa6+ 48. Rxa6 Ne3 49. Ra8 Re8 50. Ncxe6 Nf5 51. Nxd8 Nxd4+ 52. Kc5 Nb3+ 53. Kxd5 g6 54. Ne4 Rf8 55. Nf6+ 1-0